State of California, North Half, Scale 1:500,000, Revised 1981.

Bibliographic Details
Corporate Author: Geological Survey (U.S.)
Format: Government Document Map
Language:English
Published: [Place of publication not identified] : [publisher not identified], [1999?]

MARC

Tag First Indicator Second Indicator Subfields
LEADER 00000cem a22000007a 4500
001 in00000002272
005 20151007050905.0
008 990308s1999 xxu f000 0 eng d
035 |a (OCoLC) 
035 |a tmp97143371 
035 |9 AJF3162AM 
040 |a MvI  |c MvI  |d UtOrBLW 
049 |a MAPS 
074 |a 0619-H-05 
086 0 |a I 19.102/5:38117-A 1-SP-500/981 
245 0 0 |a State of California, North Half, Scale 1:500,000, Revised 1981. 
264 1 |a [Place of publication not identified] :  |b [publisher not identified],  |c [1999?] 
336 |a cartographic image  |b cri  |2 rdacontent 
337 |a unmediated  |b n  |2 rdamedia 
338 |a unspecified  |b zu  |2 rdacarrier 
500 |a Shipping List #: 99-0018-S 
500 |a Shipping List Date: 02/10/99 
500 |a Cartographic material. 
710 2 |a Geological Survey (U.S.) 
999 |a MARS 
999 f f |s 98a4a814-9df6-3843-9d0c-9143de8b854a  |i a90a2e87-a6c1-366f-98bd-22fec09a2c9d  |t 0 
952 f f |p normal  |a Texas A&M University  |b College Station  |c Sterling C. Evans Library  |d Evans: Maps (2nd floor)  |t 0  |e G4361.A1 1991 .U5  |h Library of Congress classification  |i unspecified -- unspecified  |m A14824682708 
998 f f |a G4361.A1 1991 .U5  |t 0  |l Evans: Maps (2nd floor)